logo

Bir Sreshtho Munshi Abdur Rouf Library
Jhenaidah Cadet College

গণসঙ্গীত / (Record no. 3169)

MARC details
000 -LEADER
fixed length control field 00808nam a2200241 a 4500
001 - CONTROL NUMBER
JCCL Control Number 3169
003 - CONTROL NUMBER IDENTIFIER
JCCL marc code BD-JhCC
005 - DATE AND TIME OF LATEST TRANSACTION
control field 20171112102127.0
008 - FIXED-LENGTH DATA ELEMENTS--GENERAL INFORMATION
fixed length control field 171111s1985 xxu |||| ||a| 000 0 ben d
035 ## - SYSTEM CONTROL NUMBER
system control number (BD-JhCC)3169
040 ## - CATALOGING SOURCE
Original cataloging agency BD-JhCC
Modifying agency BD-JhCC
041 ## - LANGUAGE CODE
Language code of Book ben
082 ## - DEWEY DECIMAL CLASSIFICATION NUMBER
Classification number 780
Author mark and Year KHA 1985
100 ## - MAIN ENTRY--PERSONAL NAME
Personal name খান, শামসুজ্জামান
245 ## - TITLE STATEMENT
Title গণসঙ্গীত /
Statement of responsibility, etc শামসুজ্জামান খান, কল্যাণী ঘোষ
260 ## - PUBLICATION, DISTRIBUTION, ETC. (IMPRINT)
Place of publication, distribution, etc ঢাকা :
Name of publisher, distributor, etc বাংলা একাডেমী,
Date of publication, distribution, etc 1985
300 ## - PHYSICAL DESCRIPTION
Pagination 108 p. :
Dimensions 18 cm.
490 ## - SERIES STATEMENT
Series statement Series in honour of the Martyrs of the Language Movement of February 1952.
650 ## - SUBJECT ADDED ENTRY--TOPICAL TERM
Topical term or geographic name as entry element Music of the People
700 ## - ADDED ENTRY--PERSONAL NAME
Personal name ঘোষ, কল্যাণী
942 ## - ADDED ENTRY ELEMENTS (KOHA)
Source of classification or shelving scheme Dewey Decimal Classification
Koha item type Books
Holdings
Source of classification or shelving scheme Damaged status Not for loan Home library Current library Shelving location Date of accession Cost, normal purchase price Total Checkouts Full call number Barcode Date last seen Date checked out Copy number Koha item type
Dewey Decimal Classification     JCC Rouf Library JCC Rouf Library General Stacks 11/11/2017 15.00 1 780 KHA 1985 5124 02/07/2023 10/16/2022 C-1 Books

JCC Library | Contacts | JCC Home

Last Update on 23 September 2017
Copyright @ 2017-2020 JCC Rouf Library
Rouf Library, Jhenidah Cadet College (JCC), Bangladesh